| 000 | 00631nam a2200193Ia 4500 | ||
|---|---|---|---|
| 001 | 14669 | ||
| 003 | GE_BSU | ||
| 008 | 181216s||||||||xx |||||||||||||| ||und|| | ||
| 040 | _cGE_BSU | ||
| 080 | _a821.353.1+821.353.1-32+821.353.1-92 | ||
| 100 | _aქიაჩელი,ლეო | ||
| 245 | _aთხზულებანი 4 ტომად. ტ.4. მოთხრობები. წერილები. | ||
| 260 | _aთბილისი | ||
| 260 | _bსახელგამი | ||
| 260 | _c1955 | ||
| 300 | _a434გვ.20სმ. | ||
| 653 | _aმოთხრობები. წერილები. | ||
| 942 | _cBK | ||
| 999 |
_c47795 _d47795 |
||